[Event "Frankfurt Ch A 2019"]
[Site "Ffm-Höchst, BiKuZ"]
[Date "2019.04.30"]
[Round "1.32"]
[White "John, Volkmar"]
[Black "Steudel, Max"]
[Result "0-1"]
[WhiteElo "1646"]
[BlackElo "1970"]
[PlyCount "90"]
[EventDate "2019.??.??"]
[WhiteTeam "SC Herborn"]
[BlackTeam "SC Brett vorm Kopp"]

1. Nf3 c5 2. c4 Nc6 3. Nc3 g6 4. g3 Bg7 5. Bg2 d6 6. O-O e6 7. Rb1 Nge7 8. a3
O-O 9. b4 Rb8 10. Na4 b6 11. Bb2 e5 12. b5 Nd4 13. e3 Nxf3+ 14. Bxf3 Be6 15.
Qe2 f5 16. Bg2 d5 17. cxd5 Bxd5 18. Bxd5+ Qxd5 19. Nc3 Qe6 20. d4 cxd4 21. exd4
e4 22. Rfd1 Rbd8 23. Rd2 Rxd4 24. Rxd4 Bxd4 25. Rd1 Be5 26. Qd2 Rc8 27. Na4
Bxb2 28. Qxb2 Kf7 29. Rd2 Qc4 30. Rd4 Qc1+ 31. Kg2 Qxb2 32. Nxb2 Rc5 33. Nc4
Rd5 34. Rxd5 Nxd5 35. Nd6+ Ke6 36. Nc8 Nc3 37. Nxa7 Kd5 38. Kf1 Kc5 39. a4 Nxa4
40. Nc6 Nc3 41. Ne5 Kxb5 42. Nf7 Nd5 43. Ke2 Kc5 44. Ng5 Nf6 45. f3 b5 0-1

[Event "Frankfurt Ch A 2019"]
[Site "Ffm-Höchst, BiKuZ"]
[Date "2019.04.30"]
[Round "1.33"]
[White "Bischoff, Ulrich"]
[Black "Stoll, Ulrich"]
[Result "1/2-1/2"]
[WhiteElo "1961"]
[BlackElo "1646"]
[PlyCount "72"]
[EventDate "2019.??.??"]
[WhiteTeam "Sfr. Erbach"]
[BlackTeam "Bad Vilbeler Sfr."]

1. e4 d5 2. exd5 Qxd5 3. d4 Nc6 4. Nf3 Bg4 5. Be2 Nf6 6. h3 Bh5 7. O-O e6 8. c4
Qd8 9. Qa4 Be7 10. Re1 O-O 11. Be3 Qe8 12. Nc3 a6 13. a3 Nd7 14. Qb3 Na5 15.
Qa4 Nc6 16. b4 Bf6 17. Rac1 Ne7 18. Ne4 Bxf3 19. Bxf3 Ne5 20. Qc2 Nxf3+ 21.
gxf3 Bh4 22. Bf4 Qc8 23. Kh2 Ng6 24. Bg3 f5 25. Nc5 f4 26. Bxh4 Nxh4 27. Qe4
Rf6 28. Rg1 b6 29. Nd3 c6 30. Rg4 Ng6 31. Rcg1 Ra7 32. Ne5 Nxe5 33. dxe5 Rf5
34. Rxf4 Raf7 35. Rxf5 Rxf5 36. Rg3 Qd7 1/2-1/2

[Event "Frankfurt Ch A 2019"]
[Site "Ffm-Höchst, BiKuZ"]
[Date "2019.04.30"]
[Round "1.34"]
[White "Jakesevic, Ivan"]
[Black "Kolker, Vladislav"]
[Result "0-1"]
[WhiteElo "1640"]
[BlackElo "1959"]
[PlyCount "48"]
[EventDate "2019.??.??"]
[WhiteTeam "FC Bierstadt"]
[BlackTeam "SC Bad Nauheim"]

1. Nf3 Nf6 2. d4 g6 3. Bf4 Bg7 4. e3 O-O 5. Bd3 d6 6. O-O Nbd7 7. c3 Qe8 8.
Nbd2 e5 9. Qc2 exf4 10. exf4 b6 11. Rfe1 Qd8 12. Re2 Bb7 13. Rae1 c5 14. f5 Qc7
15. Re7 Rae8 16. fxg6 Rxe7 17. Rxe7 Nd5 18. gxf7+ Kh8 19. Re8 N7f6 20. Rxf8+
Bxf8 21. Ng5 h6 22. Bh7 hxg5 23. Qg6 Bg7 24. Nc4 Nxh7 0-1

[Event "Frankfurt Ch A 2019"]
[Site "Ffm-Höchst, BiKuZ"]
[Date "2019.04.30"]
[Round "1.35"]
[White "Jurkic, Bosiljko"]
[Black "Klamser, Dietmar"]
[Result "1/2-1/2"]
[WhiteElo "1956"]
[BlackElo "1638"]
[PlyCount "94"]
[EventDate "2019.??.??"]
[WhiteTeam "SC Bad Wimpfen"]
[BlackTeam "SC Groß-Umstadt"]

1. e4 d5 2. exd5 Qxd5 3. Nc3 Qd6 4. Nf3 Nf6 5. Be2 c6 6. d4 Bg4 7. h3 Bh5 8.
Bg5 Nbd7 9. Qd2 e6 10. O-O-O Bxf3 11. Bxf3 Qc7 12. Rhe1 O-O-O 13. a3 h6 14. Be3
Nb6 15. Qe2 Nbd5 16. Nxd5 Nxd5 17. Bd2 Bd6 18. g3 Rhe8 19. c4 Nf6 20. c5 Bf8
21. Bf4 Qa5 22. h4 Nd7 23. Bd2 Qa4 24. Bc3 Nf6 25. Kb1 Nd5 26. Bxd5 cxd5 27.
Rc1 Rd7 28. f4 Be7 29. Qd2 Bf6 30. Re3 Bd8 31. Rce1 Bf6 32. f5 Rde7 33. c6 bxc6
34. Bb4 Rb7 35. fxe6 fxe6 36. Rxe6 Rxe6 37. Rxe6 Rd7 38. Ka2 Qb5 39. b3 Kb7 40.
Re8 Bd8 41. a4 Qb6 42. Bc5 Qa6 43. Qb4+ Ka8 44. Bd6 Qb7 45. Qa3 Qb6 46. Bc5 Qc7
47. a5 Qxg3 1/2-1/2

[Event "Frankfurt Ch A 2019"]
[Site "Ffm-Höchst, BiKuZ"]
[Date "2019.04.30"]
[Round "1.36"]
[White "Schneider, Luca"]
[Black "Calvi, Stefan"]
[Result "0-1"]
[WhiteElo "1603"]
[BlackElo "1953"]
[PlyCount "42"]
[EventDate "2019.??.??"]
[WhiteTeam "FC Bierstadt"]
[BlackTeam "SF Frankfurt"]

1. d4 Nf6 2. c4 g6 3. Nf3 Bg7 4. Nc3 d6 5. g3 O-O 6. Bg2 c5 7. O-O Nc6 8. d5
Na5 9. b3 Ne4 10. Bb2 Nxc3 11. Qd3 Bf5 12. Qe3 Nd1 13. Raxd1 Bxb2 14. Qf4 Qd7
15. Qd2 Nxc4 16. bxc4 Bg7 17. Qf4 a6 18. Qh4 h6 19. Nd2 g5 20. Qh5 Bg4 21. Bh3
Bxh3 0-1

[Event "Frankfurt Ch A 2019"]
[Site "Ffm-Höchst, BiKuZ"]
[Date "2019.04.30"]
[Round "1.37"]
[White "Casagrande, Thomas"]
[Black "Staggat, Rolf"]
[Result "1-0"]
[WhiteElo "1952"]
[BlackElo "1591"]
[PlyCount "47"]
[EventDate "2019.??.??"]
[WhiteTeam "Frankfurter TV"]
[BlackTeam "Schierstein"]

1. e4 c5 2. Nf3 Nc6 3. d4 cxd4 4. Nxd4 g6 5. Nc3 Bg7 6. Be3 d6 7. Bc4 Nf6 8. f3
Bd7 9. Qd2 h5 10. h4 Rc8 11. Be2 a6 12. Nxc6 Bxc6 13. Bd4 b5 14. a3 Bh6 15. Qd3
Bg7 16. g4 e5 17. Bf2 d5 18. g5 Nh7 19. exd5 Bb7 20. Rd1 O-O 21. Ne4 Qa5+ 22.
Kf1 Rfd8 23. Qb3 Bf8 24. c4 1-0

[Event "Frankfurt Ch A 2019"]
[Site "Ffm-Höchst, BiKuZ"]
[Date "2019.04.30"]
[Round "1.38"]
[White "Stricker, Konstantin"]
[Black "Hoti, Safet"]
[Result "0-1"]
[WhiteElo "1589"]
[BlackElo "1944"]
[PlyCount "96"]
[EventDate "2019.??.??"]
[WhiteTeam "SC Eschbach"]
[BlackTeam "SC Heusenstamm"]

1. e4 c5 2. Nf3 Nc6 3. d4 cxd4 4. Nxd4 e5 5. Nb5 d6 6. N1c3 a6 7. Na3 Nf6 8.
Bg5 Be6 9. Bc4 b5 10. Bxe6 fxe6 11. Ne2 Qa5+ 12. Bd2 Qc7 13. f3 d5 14. exd5
exd5 15. c3 Bc5 16. Bg5 O-O-O 17. Qc2 Kb7 18. O-O-O Rd7 19. Nb1 Rc8 20. Qf5 Qd6
21. Nd2 h6 22. Bxf6 gxf6 23. Ne4 Be3+ 24. Kb1 Qe7 25. Rd3 d4 26. Qxd7+ Qxd7 27.
Nc5+ Kc7 28. Nxd7 Kxd7 29. Rhd1 Ke6 30. cxd4 exd4 31. a3 f5 32. g3 Ke5 33. Nc1
f4 34. g4 h5 35. h3 hxg4 36. hxg4 Rh8 37. Rf1 Kd5 38. Rdd1 Ne5 39. Rh1 Rxh1 40.
Rxh1 Nxf3 41. Rh5+ Ke4 42. Kc2 Ne5 43. g5 d3+ 44. Nxd3 Nxd3 45. g6 Bd4 46. Rh7
f3 47. g7 Bxg7 48. Rxg7 f2 0-1

[Event "Frankfurt Ch A 2019"]
[Site "Ffm-Höchst, BiKuZ"]
[Date "2019.04.30"]
[Round "1.39"]
[White "Kuhn, Gerhard"]
[Black "Schlumbohm, Nils"]
[Result "1/2-1/2"]
[WhiteElo "1941"]
[BlackElo "1584"]
[PlyCount "164"]
[EventDate "2019.??.??"]
[WhiteTeam "SK Marburg"]
[BlackTeam "Berkershm"]

1. e4 e5 2. Nf3 Nf6 3. Nxe5 d6 4. Nxf7 Kxf7 5. d4 Be7 6. Nc3 Bg4 7. f3 Be6 8.
d5 Bd7 9. Bc4 Re8 10. e5 dxe5 11. d6+ Kf8 12. dxe7+ Qxe7 13. Be3 Nc6 14. O-O
Bf5 15. Ne4 Bxe4 16. fxe4 Na5 17. Bd3 Kg8 18. Qe2 Nc6 19. c3 Nb8 20. Kh1 Nbd7
21. Bc2 a5 22. Rad1 Kh8 23. Rd2 Ra6 24. Rfd1 Nc5 25. Bg5 h6 26. Bh4 Rb6 27. b3
Rc6 28. b4 g5 29. Bg3 Ncd7 30. Ba4 Rd6 31. bxa5 Ra8 32. Bxd7 Nxd7 33. Qb5 Rxd2
34. Rxd2 Nc5 35. Rd5 Rf8 36. Bxe5+ Kh7 37. h3 b6 38. axb6 cxb6 39. Bd6 Qxe4 40.
Re5 Qc2 41. Re7+ Kg6 42. Qc6 Kh5 43. Bxc5 bxc5 44. Re6 Qc1+ 45. Kh2 Qf4+ 46. g3
Qd2+ 47. Qg2 Qxg2+ 48. Kxg2 g4 49. Re5+ Kg6 50. hxg4 c4 51. Rc5 Ra8 52. Rxc4
Rxa2+ 53. Kf3 Rc2 54. Rc6+ Kg5 55. Rc5+ Kf6 56. c4 Rc3+ 57. Kf4 Rc1 58. Rc6+
Kg7 59. c5 Rf1+ 60. Ke4 Re1+ 61. Kf3 Rf1+ 62. Kg2 Rc1 63. Rc7+ Kg6 64. c6 Kg5
65. Rc8 Kxg4 66. c7 Rc2+ 67. Kf1 Kh3 68. Ke1 Rc6 69. g4 Kg3 70. Ke2 Re6+ 71.
Kd3 Rd6+ 72. Ke4 Re6+ 73. Kf5 Rc6 74. Ke5 Rc1 75. Kf6 Rc6+ 76. Kg7 Kxg4 77. Kf7
Kf5 78. Ke7 Ke5 79. Kf8 Kf6 80. Kg8 Kg6 81. Kh8 Kh5 82. Kh7 Kh4 1/2-1/2

[Event "Frankfurt Ch A 2019"]
[Site "Ffm-Höchst, BiKuZ"]
[Date "2019.04.30"]
[Round "1.40"]
[White "Leichum, Engelbert"]
[Black "Li, Maxim"]
[Result "0-1"]
[WhiteElo "1570"]
[BlackElo "1932"]
[PlyCount "56"]
[EventDate "2019.??.??"]
[WhiteTeam "vereinslos"]
[BlackTeam "Wiesbadener SV"]

1. e4 e6 2. d4 d5 3. e5 c5 4. Nf3 Qb6 5. Bd3 Nc6 6. O-O cxd4 7. Nbd2 Bd7 8. Nb3
Nge7 9. Re1 Ng6 10. Bxg6 hxg6 11. Nbxd4 Nxd4 12. Nxd4 Rc8 13. b3 Bb4 14. Be3
Bxe1 15. Nf5 Qc7 16. Nd6+ Kf8 17. Nxc8 Bc3 18. Nd6 Bxe5 19. Nxf7 Kxf7 20. Qf3+
Kg8 21. c3 Bxh2+ 22. Kf1 Bb5+ 23. c4 Be5 24. Rc1 Rh1+ 25. Ke2 Rxc1 26. Bxc1
dxc4 27. Kf1 cxb3+ 28. Kg1 Qxc1+ 0-1

[Event "Frankfurt Ch A 2019"]
[Site "Ffm-Höchst, BiKuZ"]
[Date "2019.04.30"]
[Round "1.41"]
[White "Hochmuth, Christian"]
[Black "Henrich, Frederik"]
[Result "1-0"]
[WhiteElo "1928"]
[BlackElo "1561"]
[PlyCount "67"]
[EventDate "2019.??.??"]
[WhiteTeam "SG Wächtersbach"]
[BlackTeam "Frankfurter TV"]

1. Nf3 Nf6 2. c4 Nc6 3. d4 d5 4. Nc3 Bg4 5. Ne5 dxc4 6. Nxg4 Nxg4 7. e3 Nf6 8.
Bxc4 e6 9. O-O Be7 10. a3 a6 11. b4 O-O 12. Bb2 Na7 13. Qc2 c6 14. Bd3 Nb5 15.
Nxb5 cxb5 16. e4 Rc8 17. Qe2 g6 18. f4 Qb6 19. Kh1 Nh5 20. g4 Ng7 21. Rae1 Bh4
22. Rd1 Bf6 23. e5 Be7 24. f5 exf5 25. gxf5 gxf5 26. d5 Kh8 27. Bxf5 Nxf5 28.
Rxf5 Qg6 29. Qf3 Rc2 30. Bd4 Rg8 31. Rxf7 Rd2 32. Rxd2 Qb1+ 33. Rd1 Qa2 34. e6+
1-0

[Event "Frankfurt Ch A 2019"]
[Site "Ffm-Höchst, BiKuZ"]
[Date "2019.04.30"]
[Round "1.42"]
[White "Fischer, Lutz"]
[Black "Thomas, Norbert"]
[Result "0-1"]
[WhiteElo "1557"]
[BlackElo "1923"]
[PlyCount "36"]
[EventDate "2019.??.??"]
[WhiteTeam "SF Frankfurt"]
[BlackTeam "SC Frankfurt-West"]

1. e4 d6 2. d4 Nf6 3. Nc3 c6 4. Bd3 e5 5. dxe5 dxe5 6. Bg5 Nbd7 7. Nf3 h6 8.
Bh4 Bb4 9. O-O O-O 10. Qe1 Qe7 11. a3 Bd6 12. h3 Re8 13. Rd1 Nf8 14. Bc4 Bc7
15. Rd2 Ng6 16. Bg3 Nh5 17. Qd1 Nxg3 18. fxg3 Qc5+ 0-1

[Event "Frankfurt Ch A 2019"]
[Site "Ffm-Höchst, BiKuZ"]
[Date "2019.04.30"]
[Round "1.43"]
[White "Gräbner, Walter"]
[Black "Lopez Fuertes, Victor"]
[Result "1/2-1/2"]
[WhiteElo "1922"]
[BlackElo "1548"]
[PlyCount "104"]
[EventDate "2019.??.??"]
[WhiteTeam "SC Nied"]
[BlackTeam "SC Höchst"]

1. d4 d5 2. c4 Nf6 3. Nc3 e6 4. Nf3 Nbd7 5. e3 b6 6. cxd5 Nxd5 7. Bb5 Nxc3 8.
bxc3 Bd6 9. Bc6 Rb8 10. O-O O-O 11. a4 Bb7 12. Bxb7 Rxb7 13. e4 Be7 14. c4 Re8
15. Qc2 c6 16. Bb2 Bf8 17. Rad1 Qc7 18. Rfe1 b5 19. cxb5 cxb5 20. Qxc7 Rxc7 21.
axb5 Rb7 22. Ra1 Rxb5 23. Rxa7 Rxb2 24. Rxd7 f6 25. e5 Re7 26. Rd8 Kf7 27. g3
Reb7 28. Kg2 Be7 29. Rc8 Rb8 30. Rec1 Rxc8 31. Rxc8 Rb7 32. h4 h5 33. Rc2 Rd7
34. Kf1 Bd8 35. Ke2 Rc7 36. Rb2 Rc3 37. Rb7+ Rc7 38. Rb8 Rd7 39. Ke3 Bc7 40.
Rb7 Ke7 41. Ke4 Ba5 42. Rxd7+ Kxd7 43. d5 f5+ 44. Kf4 exd5 45. Kxf5 Bb6 46. g4
hxg4 47. Kxg4 Bxf2 48. Kf5 d4 49. Ke4 g6 50. Nxd4 Bxh4 51. Kd5 Ke8 52. e6 Be7
1/2-1/2

[Event "Frankfurt Ch A 2019"]
[Site "Ffm-Höchst, BiKuZ"]
[Date "2019.04.30"]
[Round "1.44"]
[White "Masoudi, Kian"]
[Black "Rutsatz, Mario"]
[Result "1-0"]
[WhiteElo "1537"]
[BlackElo "1921"]
[PlyCount "97"]
[EventDate "2019.??.??"]
[WhiteTeam "SC Bergen-Enkheim"]
[BlackTeam "SF Frankfurt"]

1. d4 Nf6 2. Bf4 d5 3. e3 c5 4. c3 Nc6 5. Nd2 e6 6. Bd3 Bd6 7. Bg3 b6 8. Ngf3
Bb7 9. Ne5 Qc7 10. f4 Nd7 11. Qg4 g6 12. O-O f5 13. Qh3 Ndxe5 14. fxe5 Be7 15.
Nf3 Nd8 16. Bh4 Bxh4 17. Qxh4 Qe7 18. Qh6 Qf8 19. Qg5 Qg7 20. h4 h6 21. Qg3 O-O
22. Rac1 a5 23. c4 Ba6 24. b3 Nc6 25. Rfd1 Nb4 26. Bb1 dxc4 27. bxc4 Rad8 28.
d5 exd5 29. a3 Nc6 30. cxd5 Be2 31. Nd4 cxd4 32. Rxc6 Bxd1 33. Rxg6 Rf7 34.
Rxg7+ Rxg7 35. Qf2 Bb3 36. Ba2 dxe3 37. Qe2 Bxa2 38. Qxa2 Kh8 39. d6 f4 40. Qd5
Rf8 41. Kf1 Rc8 42. d7 Rc1+ 43. Ke2 Rc2+ 44. Kf3 Rf2+ 45. Ke4 Rxd7 46. Qxd7 Rd2
47. Qe8+ Kh7 48. Qf7+ Kh8 49. Qxf4 1-0

[Event "Frankfurt Ch A 2019"]
[Site "Ffm-Höchst, BiKuZ"]
[Date "2019.04.30"]
[Round "1.45"]
[White "Deppe, Leo Max"]
[Black "Dyga, Ryszard"]
[Result "1-0"]
[WhiteElo "1920"]
[BlackElo "1536"]
[PlyCount "83"]
[EventDate "2019.??.??"]
[WhiteTeam "SC Bad Soden"]
[BlackTeam "SV Hofheim"]

1. d4 d6 2. c4 Nf6 3. Nc3 g6 4. e4 Bg7 5. Bd3 Nbd7 6. Nge2 O-O 7. O-O e5 8. d5
Nc5 9. b4 Nxd3 10. Qxd3 a6 11. c5 Nh5 12. Be3 f5 13. exf5 Bxf5 14. Qd2 Nf6 15.
Ng3 Ng4 16. Bg5 Bf6 17. Nce4 Bxg5 18. Nxg5 Qe7 19. h3 Nf6 20. Nxf5 gxf5 21. Ne6
Ne4 22. Qe1 Rf7 23. f3 Nf6 24. Qd2 f4 25. Rac1 Nh5 26. Rfe1 Ng3 27. Rc2 Qf6 28.
cxd6 cxd6 29. Rec1 h6 30. Rc7 Re8 31. Rxf7 Qxf7 32. Rc7 Re7 33. Rc8+ Kh7 34.
Rd8 Nf5 35. Qc2 Kg6 36. Rf8 Qxf8 37. Nxf8+ Kf6 38. Ne6 Ne3 39. Qe4 Re8 40. Qh7
Rc8 41. Qg7+ Kf5 42. Qf7# 1-0

[Event "Frankfurt Ch A 2019"]
[Site "Ffm-Höchst, BiKuZ"]
[Date "2019.04.30"]
[Round "1.46"]
[White "Both, Günter"]
[Black "Makilla, Tobias"]
[Result "1/2-1/2"]
[WhiteElo "1506"]
[BlackElo "1911"]
[PlyCount "65"]
[EventDate "2019.??.??"]
[WhiteTeam "SK Bischofsheim"]
[BlackTeam "SC Hattersheim"]

1. e4 e5 2. Nf3 Nc6 3. Bb5 a6 4. Ba4 Nf6 5. Nc3 b5 6. Bb3 Be7 7. d3 d6 8. h3
Na5 9. Be3 Nxb3 10. axb3 Bb7 11. b4 d5 12. Nxd5 Nxd5 13. exd5 Qxd5 14. Bd2 O-O
15. Qe2 Rfe8 16. O-O Bd6 17. c4 Qe6 18. c5 Bf8 19. Rfe1 f6 20. Bc3 Rad8 21.
Rad1 Qf5 22. Nh2 h5 23. g4 Qe6 24. f3 Rd7 25. d4 e4 26. f4 e3 27. Nf1 Qe4 28.
Ng3 Qxf4 29. Nxh5 Qg5 30. Rf1 Qd5 31. Ng3 Qc6 32. Rf5 g6 33. d5 1/2-1/2

[Event "Frankfurt Ch A 2019"]
[Site "Ffm-Höchst, BiKuZ"]
[Date "2019.04.30"]
[Round "1.47"]
[White "Biegel, Thomas"]
[Black "Klikic, Drazen"]
[Result "1-0"]
[WhiteElo "1905"]
[BlackElo "1488"]
[PlyCount "93"]
[EventDate "2019.??.??"]
[WhiteTeam "SVG Eppstein"]
[BlackTeam "SC Nied"]

1. c4 e5 2. g3 Nf6 3. Bg2 Nc6 4. Nc3 Bb4 5. Nd5 O-O 6. a3 Be7 7. e3 Re8 8. Ne2
d6 9. O-O Be6 10. d3 Qc8 11. e4 Bd8 12. f4 Bh3 13. f5 Bxg2 14. Kxg2 Ne7 15.
Nxf6+ gxf6 16. Bh6 Kh8 17. Nc3 c6 18. Qg4 Ng6 19. Qh5 Rg8 20. Be3 Nf4+ 21. Bxf4
exf4 22. Rxf4 Rg7 23. Raf1 Bb6 24. Ne2 Be3 25. Rg4 Qf8 26. Rxg7 Qxg7 27. d4 Re8
28. Qf3 Bh6 29. Nc3 Qg5 30. Qf4 Qxf4 31. gxf4 Bg7 32. Kf3 Kg8 33. Rg1 Kf8 34.
h4 h5 35. Rg2 Bh6 36. d5 Ke7 37. Ne2 Rb8 38. Nd4 Kd7 39. Ne2 b5 40. dxc6+ Kxc6
41. Nd4+ Kc5 42. Nxb5 a6 43. b4+ Kxc4 44. Nxd6+ Kb3 45. Rg1 Kxa3 46. Ra1+ Kxb4
47. Rb1+ 1-0

[Event "Frankfurt Ch A 2019"]
[Site "Ffm-Höchst, BiKuZ"]
[Date "2019.04.30"]
[Round "1.48"]
[White "Burkart, Lloyd Shang"]
[Black "Rupp, Mark"]
[Result "0-1"]
[WhiteElo "1484"]
[BlackElo "1901"]
[PlyCount "142"]
[EventDate "2019.??.??"]
[WhiteTeam "TuS Makkabi"]
[BlackTeam "SK Langen"]

1. d4 Nf6 2. c4 e6 3. g3 d5 4. Bg2 Nbd7 5. Qc2 c6 6. Nf3 Be7 7. O-O O-O 8. Nbd2
h6 9. b3 b6 10. Bb2 Ba6 11. Rfe1 Rc8 12. Rac1 c5 13. Qb1 Bd6 14. e4 dxe4 15.
Nxe4 Nxe4 16. Rxe4 Bb7 17. Re2 Nf6 18. Rce1 Rc7 19. Qa1 Rd7 20. a3 Qa8 21. d5
exd5 22. Bxf6 d4 23. Ne5 Bxg2 24. Nxd7 Qf3 25. Re3 dxe3 26. Rxe3 Qc6 27. Nxf8
Bh1 28. f3 Bxf3 29. Bxg7 Bh1 30. Qb2 f6 31. Bxf6 Bxf8 32. Qf2 h5 33. Re5 Bh6
34. Be7 Bg7 35. Rg5 Bf3 36. Qb2 Qh6 37. Qd2 Qe6 38. Bd8 Kh8 39. Rxg7 Kxg7 40.
Qc3+ Kg6 41. Qxf3 Qe1+ 42. Qf1 Qe3+ 43. Qf2 Qxb3 44. Qf6+ Kh7 45. Qf5+ Kh6 46.
Bg5+ Kg7 47. Qf6+ Kg8 48. Bh6 Qd1+ 49. Kg2 Qe2+ 50. Qf2 Qe4+ 51. Qf3 Qe8 52.
Qf8+ Qxf8 53. Bxf8 Kxf8 54. a4 Kf7 55. Kf3 Kf6 56. Kf4 a6 57. h3 a5 58. g4 hxg4
59. hxg4 Ke6 60. g5 Kf7 61. Ke5 Kg6 62. Kd6 b5 63. Kxc5 b4 64. Kd4 Kxg5 65. c5
Kf6 66. c6 Ke7 67. Kc4 Kd6 68. Kd4 Kxc6 69. Kc4 Kd6 70. Kd4 Ke6 71. Kc4 Ke5 0-1

[Event "Frankfurt Ch A 2019"]
[Site "Ffm-Höchst, BiKuZ"]
[Date "2019.04.30"]
[Round "1.50"]
[White "Mayer, Rolf"]
[Black "Stuhlmann, Florian"]
[Result "0-1"]
[WhiteElo "1437"]
[BlackElo "1875"]
[PlyCount "72"]
[EventDate "2019.??.??"]
[WhiteTeam "SC Flörsheim"]
[BlackTeam "SC Lindenholzhausen"]

1. d4 Nf6 2. Nf3 e6 3. Bf4 d5 4. e3 c5 5. c3 Qb6 6. Qb3 Bd7 7. Nbd2 Be7 8. Qxb6
axb6 9. Be2 O-O 10. O-O Rc8 11. h3 b5 12. dxc5 Bxc5 13. Ne5 Be8 14. Rfc1 Bf8
15. Nb3 Ne4 16. f3 Nd6 17. Bd3 f6 18. Ng4 Nc4 19. Rc2 e5 20. Bg3 h5 21. Bxc4
bxc4 22. Nxf6+ gxf6 23. Nc1 Nc6 24. Rd2 d4 25. exd4 exd4 26. cxd4 Rd8 27. d5
Bc5+ 28. Kh1 Ne5 29. Ne2 Be3 30. Rdd1 Ba4 31. b3 cxb3 32. axb3 Bxb3 33. Bxe5
Bxd1 34. Rxa8 Rxa8 35. Bxf6 Bxe2 36. d6 Bb5 0-1

[Event "Frankfurt Ch A 2019"]
[Site "Ffm-Höchst, BiKuZ"]
[Date "2019.04.30"]
[Round "1.51"]
[White "Brehme, Ralf-Peter"]
[Black "Arnold, Aaron"]
[Result "1-0"]
[WhiteElo "1875"]
[BlackElo "1424"]
[PlyCount "75"]
[EventDate "2019.??.??"]
[WhiteTeam "Vorw.Orient Mainz"]
[BlackTeam "SC Frankfurt-West"]

1. f4 d6 2. Nf3 Nf6 3. d3 g6 4. g3 Bg7 5. Bg2 O-O 6. O-O c6 7. Nc3 Qc7 8. Nh4
Ng4 9. e3 f5 10. h3 Nh6 11. Nf3 Nd7 12. Qe1 e5 13. Ne2 Nf6 14. Bd2 e4 15. Ng5
d5 16. dxe4 dxe4 17. Nd4 Re8 18. Qe2 Bd7 19. Rfd1 a6 20. c4 c5 21. Nb3 Nh5 22.
Be1 Ba4 23. Rd5 b6 24. Rad1 Bc6 25. Rd6 Bf8 26. R6d2 a5 27. Na1 Nf6 28. Nc2
Rab8 29. Na3 Nf7 30. Nb5 Bxb5 31. cxb5 Nd6 32. Rxd6 Bxd6 33. Qc4+ Kh8 34. Rxd6
Qe7 35. Re6 Qg7 36. Bc3 Rxe6 37. Qxe6 Rf8 38. Qxb6 1-0

[Event "Frankfurt Ch A 2019"]
[Site "Ffm-Höchst, BiKuZ"]
[Date "2019.04.30"]
[Round "1.52"]
[White "Bernhardt, Winfried"]
[Black "Rennhack, Peer"]
[Result "0-1"]
[WhiteElo "1419"]
[BlackElo "1873"]
[PlyCount "42"]
[EventDate "2019.??.??"]
[WhiteTeam "SV Nauheim"]
[BlackTeam "Frankfurter TV"]

1. e4 Nf6 2. Nc3 d5 3. exd5 Nxd5 4. Qf3 Nf6 5. Bc4 Nc6 6. Ne4 Nd4 7. Nxf6+ exf6
8. Qe3+ Be7 9. Bd3 O-O 10. Ne2 Bc5 11. Qf4 Re8 12. Kd1 g5 13. Qg3 Bd6 14. f4
Nxe2 15. Bxe2 Bxf4 16. Qf3 Be6 17. Bd3 Qd7 18. h3 Bd5 19. Qg4 Qxg4+ 20. hxg4
Bxg2 21. Bxh7+ Kg7 0-1

[Event "Frankfurt Ch A 2019"]
[Site "Ffm-Höchst, BiKuZ"]
[Date "2019.04.30"]
[Round "1.53"]
[White "Brückmann, Gerd"]
[Black "Mongi, Mario"]
[Result "1-0"]
[WhiteElo "1872"]
[BlackElo "1401"]
[PlyCount "50"]
[EventDate "2019.??.??"]
[WhiteTeam "SV Anderssen Arolsen"]
[BlackTeam "SC Sulzbach"]

1. d4 Nf6 2. c4 g6 3. Nc3 Bg7 4. g3 O-O 5. Bg2 d6 6. Nf3 Na6 7. O-O c5 8. d5
Nc7 9. a4 e5 10. e4 h6 11. h3 Kh7 12. Ne1 Nh5 13. Nd3 f5 14. exf5 Bxf5 15. Kh2
Nf6 16. g4 Nxg4+ 17. hxg4 Qh4+ 18. Kg1 Bxg4 19. f3 e4 20. Nxe4 Bd4+ 21. Ndf2
Bh3 22. Qd3 Bxg2 23. Kxg2 Rf5 24. Rh1 Bxf2 25. Rxh4 Bxh4 1-0

[Event "Frankfurt Ch A 2019"]
[Site "Ffm-Höchst, BiKuZ"]
[Date "2019.04.30"]
[Round "1.54"]
[White "Arnold, Jan"]
[Black "Pauly, Markus"]
[Result "0-1"]
[WhiteElo "1375"]
[BlackElo "1864"]
[PlyCount "76"]
[EventDate "2019.??.??"]
[WhiteTeam "SC Frankfurt-West"]
[BlackTeam "Sfr. Erbach"]

1. c4 g6 2. g3 Bg7 3. Bg2 c5 4. Nc3 Nc6 5. d3 e5 6. e4 Nge7 7. Nge2 O-O 8. O-O
d6 9. a3 a6 10. Rb1 Rb8 11. b4 cxb4 12. axb4 b5 13. cxb5 axb5 14. Bg5 h6 15.
Bxe7 Nxe7 16. Qd2 Be6 17. Rfc1 d5 18. exd5 Nxd5 19. Bxd5 Bxd5 20. Nxd5 Qxd5 21.
Rc5 Qd7 22. Rd1 Rfd8 23. Nc3 Kh7 24. Qa2 Rdc8 25. Ne4 Rxc5 26. Nxc5 Qe8 27. Re1
Ra8 28. Qe2 f5 29. f4 e4 30. dxe4 Bc3 31. Rb1 Bd4+ 32. Kf1 Qc6 33. Nb3 Bg7 34.
Nc5 Re8 35. Rc1 fxe4 36. Nb3 Qd5 37. Nc5 e3 38. Qg2 e2+ 0-1

[Event "Frankfurt Ch A 2019"]
[Site "Ffm-Höchst, BiKuZ"]
[Date "2019.04.30"]
[Round "1.55"]
[White "Zimmer, Gerald"]
[Black "Hedrich, Gerd"]
[Result "1-0"]
[WhiteElo "1854"]
[BlackElo "1317"]
[PlyCount "73"]
[EventDate "2019.??.??"]
[WhiteTeam "SC Bergen-Enkheim"]
[BlackTeam "Wiesbadener SV"]

1. d4 Nf6 2. c4 e6 3. Nc3 d5 4. cxd5 Nxd5 5. e4 Nxc3 6. bxc3 Be7 7. Bd3 O-O 8.
Nf3 Nd7 9. O-O c5 10. Be3 Qc7 11. Nd2 b6 12. e5 Bb7 13. Qh5 g6 14. Qh6 Rfe8 15.
Rac1 Bf8 16. Qh4 Bg7 17. Bg5 Bc6 18. Be4 Rac8 19. Bxc6 Qxc6 20. Ne4 Rc7 21. Nd6
Rb8 22. Bd8 f6 23. Bxc7 Qxc7 24. f4 Qc6 25. Rfd1 c4 26. Qg4 f5 27. Qe2 b5 28.
Rb1 a6 29. Qd2 Nb6 30. g3 Nd5 31. Rdc1 h5 32. Qe2 Nc7 33. Nxc4 Nd5 34. Qd3 Rc8
35. Nd6 Qd7 36. Nxc8 Qxc8 37. c4 1-0

[Event "Frankfurt Ch A 2019"]
[Site "Ffm-Höchst, BiKuZ"]
[Date "2019.04.30"]
[Round "1.56"]
[White "Stulken, Dietmar"]
[Black "Goldt, Rainer"]
[Result "0-1"]
[WhiteElo "1267"]
[BlackElo "1852"]
[PlyCount "124"]
[EventDate "2019.??.??"]
[WhiteTeam "SF Frankfurt"]
[BlackTeam "Kreuznacher SV"]

1. d4 f5 2. Nc3 Nf6 3. Bg5 d6 4. Bxf6 exf6 5. Nf3 d5 6. e3 Be6 7. a3 Be7 8. Bd3
O-O 9. O-O Nd7 10. Ne2 Bd6 11. b3 Qe7 12. a4 Qf7 13. c4 dxc4 14. bxc4 Bxc4 15.
Bxf5 g6 16. Bd3 Bxd3 17. Qxd3 Rae8 18. Rfc1 Kg7 19. Qc4 Qxc4 20. Rxc4 Nb6 21.
Rc2 Nd5 22. Nc3 Nb4 23. Re2 a6 24. g3 f5 25. Kf1 h6 26. Ng1 g5 27. f4 g4 28.
Kf2 h5 29. Rd1 h4 30. e4 fxe4 31. Nxe4 Bxf4 32. gxf4 Rxf4+ 33. Kg2 Rfxe4 34.
Rxe4 Rxe4 35. h3 Nd5 36. hxg4 Ne3+ 37. Kf3 Nxd1 38. Kxe4 Nc3+ 39. Kf5 Nxa4 40.
Kg5 Nc3 41. Kxh4 a5 42. Nf3 a4 43. Nd2 b5 44. Kg5 b4 45. Kf4 Kf6 46. g5+ Kg6
47. Ke3 Kxg5 48. Kd3 Nd5 49. Ne4+ Kf4 50. Nc5 a3 51. Nb3 c6 52. Kc4 Ke3 53. Na1
Kd2 54. Kb3 Kd3 55. Nc2 Kd2 56. Na1 Kc1 57. Ka2 Nc3+ 58. Kb3 Kb1 59. Kxb4 Kxa1
60. Kxc3 Kb1 61. Kc4 a2 62. Kc5 a1=Q 0-1

[Event "Frankfurt Ch B 2019"]
[Site "Ffm-Höchst, BiKuZ"]
[Date "2019.04.30"]
[Round "1.1"]
[White "Wich, Manuela"]
[Black "Mook, Karl-Jürgen"]
[Result "1-0"]
[WhiteElo "1488"]
[BlackElo "1261"]
[PlyCount "139"]
[EventDate "2019.??.??"]
[WhiteTeam "SV Hofheim"]
[BlackTeam "SC Sulzbach"]

1. e4 c5 2. Nf3 a6 3. d4 cxd4 4. Nxd4 Nf6 5. Nc3 e5 6. Nf3 Bb4 7. Bd3 d5 8. O-O
Bxc3 9. Bg5 Bb4 10. Nxe5 Be7 11. exd5 O-O 12. Re1 h6 13. Bc1 Nbd7 14. c4 Nxe5
15. Rxe5 Bd6 16. Re2 Bg4 17. f3 Bc5+ 18. Kh1 Bh5 19. b3 Bg6 20. Bxg6 fxg6 21.
Re6 Re8 22. Qe2 Rxe6 23. Qxe6+ Kh7 24. Bb2 Qf8 25. Qe1 Re8 26. Qd2 Qe7 27. h3
Qe2 28. Qc1 Qe3 29. Qf1 Nh5 30. Qd1 Qe2 31. Bc3 Nf4 32. Qd2 Qxd2 33. Bxd2 Re2
34. Bxf4 g5 35. Bc7 Re7 36. Ba5 b6 37. Be1 a5 38. Rd1 Re2 39. d6 Bxd6 40. Rxd6
Rxe1+ 41. Kh2 Re2 42. a4 Re5 43. Rxb6 Rc5 44. Rb5 Rc7 45. Rxa5 Kg8 46. Rb5 Kf7
47. a5 Ke7 48. Rb6 Kd7 49. Rg6 Kc8 50. Kg3 Kb7 51. Kg4 Ka7 52. Kf5 Rc5+ 53. Ke4
Rxa5 54. Rxg7+ Kb6 55. Rg6+ Kc5 56. Rxh6 Kb4 57. Rb6+ Kc3 58. Rb5 Ra7 59. Rxg5
Kxb3 60. c5 Ra4+ 61. Kd5 Ra5 62. Rg4 Ra2 63. c6 Rd2+ 64. Kc5 Rc2+ 65. Kb6 Re2
66. c7 Re6+ 67. Kb7 Re7 68. Kb8 Re5 69. c8=Q Rb5+ 70. Qb7 1-0